000 00493nam a2200181Ia 4500
003 OSt
005 20230327102952.0
008 210423s2008 xx 000 0 und d
040 _cAL
041 _aeng
082 _a658 NATB
100 _aNATARAJAN (B);NATARAJAN (S K),Ed.
_978131
245 _aDeveloping analytical skills: case studies in management.
260 _aNew Delhi
_bResearch and Education Association
_c2008
300 _a29/8/2008
365 _b500
_cINR
942 _2ddc
_cBK
999 _c156047
_d156047